Vinos y viñas de Chile
সংরক্ষণ করুন:
| প্রধান লেখক: | , |
|---|---|
| বিন্যাস: | গ্রন্থ |
| ভাষা: | স্প্যানিশ |
| প্রকাশিত: |
Santiago
Copygraph
1992
|
| বিষয়গুলি: | |
| ট্যাগগুলো: |
ট্যাগ যুক্ত করুন
কোনো ট্যাগ নেই, প্রথমজন হিসাবে ট্যাগ করুন!
|
MARC
| LEADER | 00000nam a2200000 a 4500 | ||
|---|---|---|---|
| 001 | UCM7897 | ||
| 003 | CL-VaPUC | ||
| 008 | 030110e19920000CL |||||||||||||||||spa|d | ||
| 082 | 0 | 4 | |a 663.200983 |b HER |2 21 |
| 100 | |a Hernández Muñoz, Alejandro |e autor |9 866842 | ||
| 700 | 0 | |a Contreras, Gonzalo |e author |9 473666 | |
| 245 | 1 | 0 | |a Vinos y viñas de Chile |
| 300 | |a 119 p | ||
| 942 | |c BK | ||
| 945 | |d 20030110 00:00:00 |a lriquelm | ||
| 260 | |a Santiago |b Copygraph |c 1992 | ||
| 650 | 0 | |a Vitivinicultura |9 389598 | |
| 650 | 0 | |a Vinificación |9 264639 | |
| 650 | 0 | |a Viñas |9 365101 | |
| 650 | 0 | |a Vino |x Historia |9 473667 | |
| 651 | 7 | |a CHILE |2 CL-VaPUC |9 473668 | |
| 583 | |a last modification |c 20030110 00:00:00 |k Rodrigo Vera | ||
| 999 | |c 302545 |d 302543 | ||
| 952 | |0 0 |1 0 |4 0 |6 663_200983000000000_HER_1992 |7 0 |8 A |9 363191 |a BIBAGR |b BIBAGR |d 2019-11-21 |i 3874389 |o 663.200983 HER 1992 |p 3874389 |r 2025-01-20 |w 2019-11-21 |y BK |k AGR | ||